| 000 | 00969pam a2200289 a 4500 | ||
|---|---|---|---|
| 001 | 008386081 | ||
| 003 | OSt | ||
| 005 | 20140112094406.0 | ||
| 006 | m||||f ||z 00| 0 | ||
| 008 | 020910t2003 ne ad frb 001 0 eng | ||
| 020 | _a0750676183 | ||
| 020 | _a9780750676182 | ||
| 040 |
_aStDuBDS _beng _cStDuBDS _dUk |
||
| 082 | 0 | 4 |
_a620.0015195 _222 _bDEC |
| 100 | 1 |
_aDeCoursey, W. J. _q(William J.) _934809 |
|
| 245 | 1 | 0 |
_aStatistics and probability for engineering applications : _bwith Microsoft Excel / _cby W. J. DeCoursey. |
| 260 |
_aAmsterdam : _bNewnes, _cc.2003. |
||
| 300 |
_axv, 396 p. : _bchart, tables ; _c24 cm. + _eCD-ROM. |
||
| 500 | _aAppendix : p. 375-390. | ||
| 500 | _aIncludes Indexes. | ||
| 504 | _aIncludes bibliographical references. | ||
| 630 | 0 | 0 |
_94503 _aMicrosoft Excel (Computer file) |
| 650 | 0 |
_aEngineering _xStatistical methods. _927510 |
|
| 653 |
_bMec _cJanuary2014 |
||
| 655 |
_vtext book _933728 |
||
| 942 |
_2ddc _cBB _k620.0015195 DEC |
||
| 999 |
_c17910 _d17882 |
||